| 000 | 00917nam a22002297a 4500 | ||
|---|---|---|---|
| 005 | 20240530110528.0 | ||
| 008 | 160309s2013 ua a g b 000 0 ara d | ||
| 017 |
_a2012/15367 _bمصر . دار الكتب المصرية |
||
| 020 | _a9789774102865 | ||
| 040 | _aEG-CaGPL | ||
| 082 | 0 | 4 |
_221 _a371.42\ _bس ت |
| 100 | 0 | _aسعدية شكرى على عبدالفتاح | |
| 245 | 1 | 2 |
_aالتربية المهنية بين النظرية و التطبيق / _cاعداد سعدية شكرى على عبدالفتاح |
| 250 | _aط1 | ||
| 260 |
_aالقاهرة : _bالمكتبة العصرية للنشر و التوزيع ، _c2013 . |
||
| 300 |
_a441 ص : _bايض ؛ _c24 سم . |
||
| 504 | _aيشتمل على ارجاعات ببليوجرافية | ||
| 650 | 0 | 4 | _aالوجية المهنى |
| 650 | 0 | 4 | _aالتربية المهنية |
| 942 |
_2ddc _cBK |
||
| 999 |
_c62035 _d62035 |
||